[Event "Prague Golden op 11th"]
[Site "Prague"]
[Date "2015.06.25"]
[Round "6"]
[White "Wichs, Jakub"]
[Black "Bulockin, Martin"]
[Result "0-1"]
[WhiteElo "2072"]
[BlackElo "1742"]
[PlyCount "66"]
[EventDate "2015.06.21"]
[EventType "swiss"]
[EventRounds "9"]
[EventCountry "CZE"]
[SourceTitle "EXT 2017"]
[Source "ChessBase"]
[SourceDate "2016.10.25"]
[SourceVersion "1"]
[SourceVersionDate "2016.10.25"]
[SourceQuality "1"]

1. e4 e6 2. d4 d5 3. Nc3 dxe4 4. Nxe4 Nd7 5. Nf3 Ngf6 6. Bg5 Be7 7. Nxf6+ Nxf6 8. Bd3 0-0 9. Qe2 c5 10. 0-0-0 Nd5 11. h4 h6 12. Bd2 Qc7 13. Ne5 Bd6 14. g4 cxd4 15. f4 f6 16. Qe4 f5 17. gxf5 Nf6 18. Qxd4 exf5 19. Bc4+ Kh7 20. h5 Bxe5 21. fxe5 Rd8 22. Qg1 Ng4 23. Bb3 Qxe5 24. Re1 Qf6 25. Bc3 Qg5+ 26. Kb1 Bd7 27. Qc5 Re8 28. Rd1 Bc6 29. Rh3 Ne3 30. Re1 f4 31. Qb4 a5 32. Qb6 f3 33. Rxe3 Qg1+ 0-1

[Event "Plzen op 5th"]
[Site "Plzen"]
[Date "2013.11.29"]
[Round "6"]
[White "Wichs, Jakub"]
[Black "Thierry, Rein DJ"]
[Result "1-0"]
[WhiteElo "2067"]
[BlackElo "1720"]
[PlyCount "66"]
[EventDate "2013.11.24"]
[EventType "swiss"]
[EventRounds "7"]
[EventCountry "CZE"]
[SourceTitle "CBM 157 Extra"]
[Source "ChessBase"]
[SourceDate "2013.12.19"]
[SourceVersion "1"]
[SourceVersionDate "2013.12.19"]
[SourceQuality "1"]

1. e4 d5 2. exd5 Qxd5 3. Nc3 Qe5+ 4. Be2 c6 5. d4 Qc7 6. Bd3 Nf6 7. Nge2 Bg4 8. f3 Bh5 9. Bf4 Qd8 10. Qd2 e6 11. 0-0-0 Nbd7 12. Rhe1 Bg6 13. Bxg6 hxg6 14. Ne4 Nb6 15. Qd3 Be7 16. c4 0-0 17. g4 Nxe4 18. fxe4 Bg5 19. Kb1 Qe7 20. c5 Bxf4 21. Nxf4 Nd7 22. Qb3 g5 23. Nd3 Nf6 24. Ne5 Rfd8 25. Rf1 Rf8 26. h4 Nxe4 27. Qe3 Nf6 28. hxg5 Nd5 29. Qd2 g6 30. Rh1 Kg7 31. Rdf1 f6 32. gxf6+ Rxf6 33. Qh6+ Kg8 1-0

[Event "Plzen op 5th"]
[Site "Plzen"]
[Date "2013.11.28"]
[Round "5"]
[White "Plchot, Miroslav"]
[Black "Wichs, Jakub"]
[Result "1-0"]
[WhiteElo "1875"]
[BlackElo "2067"]
[PlyCount "77"]
[EventDate "2013.11.24"]
[EventType "swiss"]
[EventRounds "7"]
[EventCountry "CZE"]
[SourceTitle "CBM 157 Extra"]
[Source "ChessBase"]
[SourceDate "2013.12.19"]
[SourceVersion "1"]
[SourceVersionDate "2013.12.19"]
[SourceQuality "1"]

1. d4 Nf6 2. Nf3 g6 3. Bf4 Bg7 4. Nc3 0-0 5. Qd2 Re8 6. e4 c5 7. dxc5 Nc6 8. e5 Nh5 9. 0-0-0 Nxf4 10. Qxf4 Qa5 11. Bb5 Rf8 12. h4 h5 13. Bc4 Qxc5 14. Ne4 Qb4 15. Rhe1 d6 16. Neg5 d5 17. Rxd5 Be6 18. Re4 Qb6 19. Rb5 Qc7 20. Nxe6 fxe6 21. Bxe6+ Kh7 22. Ng5+ Kh8 23. Nf7+ Kh7 24. Qg3 Nd8 25. Rc4 Qb8 26. Rc8 Nxf7 27. Rxb8 Raxb8 28. Bxf7 Rxf7 29. e6 Rff8 30. Rg5 Bh6 31. Qc7 Rfe8 32. f4 Bxg5 33. hxg5 Kg8 34. c3 a6 35. Qc4 b5 36. Qe4 Kg7 37. Qe5+ Kg8 38. f5 b4 39. f6 1-0

[Event "Prague ProMoPro op"]
[Site "Prague"]
[Date "2006.09.17"]
[Round "9"]
[White "Wichs, Jakub"]
[Black "Ryslink, Daniel"]
[Result "1-0"]
[WhiteElo "2093"]
[BlackElo "2014"]
[PlyCount "37"]
[EventDate "2006.09.09"]
[EventType "swiss"]
[EventRounds "9"]
[EventCountry "CZE"]
[SourceTitle "CBM 114 Extra"]
[Source "ChessBase"]
[SourceDate "2006.11.03"]
[SourceVersion "1"]
[SourceVersionDate "2006.11.03"]
[SourceQuality "1"]

1. e4 e6 2. d4 d5 3. Nc3 Bb4 4. e5 c5 5. a3 Bxc3+ 6. bxc3 Qc7 7. Qg4 f5 8. Bb5+ Nc6 9. Qg3 cxd4 10. cxd4 Nge7 11. a4 0-0 12. Ne2 Nb4 13. 0-0 f4 14. Bxf4 Qxc2 15. Rfc1 Qg6 16. Qa3 Nec6 17. a5 Nc2 18. Rxc2 Qxc2 19. Bd3 1-0

[Event "Prague ProMoPro op"]
[Site "Prague"]
[Date "2006.09.10"]
[Round "2"]
[White "Wichs, Jakub"]
[Black "Hausner, Ivan"]
[Result "0-1"]
[WhiteElo "2093"]
[BlackElo "2388"]
[PlyCount "102"]
[EventDate "2006.09.09"]
[EventType "swiss"]
[EventRounds "9"]
[EventCountry "CZE"]
[SourceTitle "CBM 114 Extra"]
[Source "ChessBase"]
[SourceDate "2006.11.03"]
[SourceVersion "1"]
[SourceVersionDate "2006.11.03"]
[SourceQuality "1"]

1. e4 Nf6 2. e5 Nd5 3. d4 d6 4. Nf3 g6 5. Bc4 c6 6. Nc3 Nxc3 7. bxc3 d5 8. Bd3 Bg7 9. Nd2 0-0 10. 0-0 Na6 11. f4 f5 12. Bxa6 bxa6 13. Nb3 e6 14. Ba3 Rf7 15. Kh1 Rb8 16. Bd6 Rb6 17. a4 Bh6 18. a5 Rb5 19. Qe2 Bf8 20. Bxf8 Qxf8 21. Qe3 Qd8 22. Qc1 Rfb7 23. Qa3 Qf8 24. Qxf8+ Kxf8 25. Nc5 Rb8 26. Nd3 Ke7 27. Kg1 Bd7 28. Ra4 c5 29. dxc5 Rc8 30. Rfa1 Rb7 31. Rb4 Bb5 32. Kf2 Rbc7 33. Ke3 h6 34. h4 Kf7 35. Rab1 Rg8 36. Rxb5 axb5 37. Rxb5 g5 38. fxg5 hxg5 39. h5 Rh8 40. a6 Ke7 41. Rb7 Kd7 42. Nb4 Rxb7 43. axb7 Kc7 44. c6 Kb6 45. c4 dxc4 46. c3 a5 47. Nc2 Kxc6 48. Na3 Kxb7 49. Nxc4 a4 50. Kd4 Rxh5 51. Kc5 Kc7 0-1